000
00312nam a22001337a 4500
008
250304b |||||||| |||| 00| 0 eng d
020
_a
10148124
050
_a
HD7391
_b
.H68
100
_a
Washington D. S.
245
_a
A World Bank Policy Paper
260
_a
U.S.A
_b
Miguel
_c
1993
300
_a
159p.
942
_c
BK
999
_c
2066
_d
2066